Ever NBA Teams Best Point Guard OAT PT1 - Statistics

General Stats
  • This quiz has been taken 13 times
  • The average score is 9 of 15
Answer Stats
Hint Answer % Correct
Lakers Johnson
92%
76ers Iverson
83%
Clippers Paul
83%
Jazz Stockton
83%
Heat Hardaway
75%
Bucks Robertson
75%
Kings Robertson
75%
Bulls Rose
75%
Celtics Cousy
67%
Hornets Walker
67%
Grizzlies Conley
58%
Knicks Frazier
50%
Cavs Price
42%
Hawks Hudson
8%
Magic Kidd
8%
No matching quizzes found
Score Distribution
Percent of People with Each Score
Percentile by Number Answered
Your Score History
You have not taken this quiz